<?xml version="1.0" encoding="UTF-8"?>
<record
    xmlns:xsi="http://www.w3.org/2001/XMLSchema-instance"
    xsi:schemaLocation="http://www.loc.gov/MARC21/slim http://www.loc.gov/standards/marcxml/schema/MARC21slim.xsd"
    xmlns="http://www.loc.gov/MARC21/slim">

  <leader>01180nam a2200217 a 4500</leader>
  <controlfield tag="005">20241018130546.0</controlfield>
  <controlfield tag="008">100630t2013||||ag  |||g      p 1p0dspa d</controlfield>
  <datafield tag="020" ind1=" " ind2=" ">
    <subfield code="a">9789875782167</subfield>
  </datafield>
  <datafield tag="041" ind1=" " ind2=" ">
    <subfield code="a">spa</subfield>
  </datafield>
  <datafield tag="092" ind1=" " ind2=" ">
    <subfield code="c">808</subfield>
    <subfield code="l">8</subfield>
    <subfield code="s">BOD</subfield>
  </datafield>
  <datafield tag="100" ind1="1" ind2=" ">
    <subfield code="a">Bodoc, Liliana</subfield>
    <subfield code="9">3934</subfield>
  </datafield>
  <datafield tag="245" ind1=" " ind2="4">
    <subfield code="a">Los dias del fuego.</subfield>
    <subfield code="c">Liliana Bodoc</subfield>
  </datafield>
  <datafield tag="250" ind1=" " ind2=" ">
    <subfield code="a">1a ed.</subfield>
  </datafield>
  <datafield tag="260" ind1=" " ind2=" ">
    <subfield code="a">Buenos Aires: </subfield>
    <subfield code="b">Punto de lectura;</subfield>
    <subfield code="c">2013.</subfield>
  </datafield>
  <datafield tag="300" ind1=" " ind2=" ">
    <subfield code="a">480 p.</subfield>
    <subfield code="c">19x13 cm.</subfield>
  </datafield>
  <datafield tag="500" ind1=" " ind2=" ">
    <subfield code="a">Bodoc, L. (2013). Los d&#xED;as del fuego. (1a ed.). Buenos Aires : Punto de Lectura.</subfield>
  </datafield>
  <datafield tag="505" ind1=" " ind2=" ">
    <subfield code="a">El odio no suele debilitarse con las ca&#xED;das sino al contrario. Se levanta, brutal, y ruge hacia los cuatro puntos cardinales. Pero el amor tampoco se debilita con las ca&#xED;das sino al contrario. Se levanta, lastimado, y canta. Ahora las Tierra Antiguas se unen a las Tierras F&#xE9;rtiles para librar una guerra definitiva. El hijo de la muerte conduce las batallas, sentado en su monte. Su madre lo observa desde la distancia. La guerra, la pol&#xED;tica y la magia deber&#xE1;n coincidir si desean permanecer. &#xBF;Ser&#xE1; eso posible?</subfield>
  </datafield>
  <datafield tag="590" ind1=" " ind2=" ">
    <subfield code="a">Proyecto 4to Libro. Donaci&#xF3;n Victoria Lara, Mayo 2018.</subfield>
  </datafield>
  <datafield tag="655" ind1=" " ind2=" ">
    <subfield code="a">Literatura</subfield>
    <subfield code="9">2917</subfield>
  </datafield>
  <datafield tag="942" ind1=" " ind2=" ">
    <subfield code="2">lcc</subfield>
    <subfield code="c">LIT</subfield>
  </datafield>
  <datafield tag="999" ind1=" " ind2=" ">
    <subfield code="c">2804</subfield>
    <subfield code="d">2804</subfield>
  </datafield>
  <datafield tag="952" ind1=" " ind2=" ">
    <subfield code="0">0</subfield>
    <subfield code="1">0</subfield>
    <subfield code="2">ddc</subfield>
    <subfield code="4">0</subfield>
    <subfield code="7">0</subfield>
    <subfield code="a">BFM</subfield>
    <subfield code="b">BFM</subfield>
    <subfield code="c">CR</subfield>
    <subfield code="d">2018-05-28</subfield>
    <subfield code="e">Donaci&#xF3;n Victoria Lara, mayo 2018</subfield>
    <subfield code="l">1</subfield>
    <subfield code="m">5</subfield>
    <subfield code="o">808 8 BOD</subfield>
    <subfield code="p">4271</subfield>
    <subfield code="r">2021-03-31</subfield>
    <subfield code="s">2019-12-17</subfield>
    <subfield code="t">Ej. 1</subfield>
    <subfield code="w">2018-05-28</subfield>
    <subfield code="y">LIT</subfield>
    <subfield code="z">Proyecto 4to libro. Donaci&#xF3;n Victoria Lara, mayo 2018</subfield>
  </datafield>
</record>
